000 00594nam a2200229 i 4500
001 C2-0254460
003 PPAK
005 20180727222136.0
008 040504s1968 nyu |||| ||||| | eng d
020 _a0823008010
040 _aPPAK
_beng
_cPPAK
_erda
082 0 4 _a758.42
_223
090 0 0 _a758.42
_bFAB
_dR
100 1 _aFabri, Ralph,
_eauthor
245 1 0 _aComplete Guide to Flower Painting
264 1 _aNew York :
_bWatson-Guptill ,
_c1968
300 _a159 pages
336 _2rdacontent
_atext
337 _2rdamedia
_aunmediated
338 _2rdacarrier
_avolume
942 _ddc
_cB
999 _c67179
_d67179